| 000 | 00559nam a2200193 a 4500 | ||
|---|---|---|---|
| 001 | 000018148 | ||
| 005 | 20200929165356.0 | ||
| 008 | 100416s1989 dr 001 0 spa d | ||
| 040 |
_aDO-SdBNP _bspa _cBNPHU |
||
| 082 |
_aU863.44 _bB462t |
||
| 100 | 1 |
_aBenedetti, Mario, _d1920-2009 _911959 |
|
| 245 | 1 | 3 |
_aLa tregua / _cMario Benedetti. |
| 260 |
_aSanto Domingo : _bTaller, _c1989. |
||
| 300 |
_a161 p. ; _c20 cm. |
||
| 650 | 4 |
_aNovela uruguaya _95679 |
|
| 650 | 4 |
_aLiteratura uruguaya _93054 |
|
| 910 | _aValidado. Control de la calidad EMS | ||
| 049 | _aBNPD | ||
| 999 |
_c17669 _d17669 |
||